000
00334nam a2200157Ia 4500
003
OSt
005
20240203151218.0
008
170524s9999 xx 000 0 und d
020
_a
9781599967516
040
_c
IIMT
100
_a
Hiam . Alexander
245
0
_a
Creativity
260
_b
Jaico Pub.
260
_c
2003
942
_2
ddc
_c
02
999
_c
6402
_d
6402